Les oiseaux dans Disney - Statistiques

Statistiques générales
  • Ce quiz a été pris 124 fois
  • Le résultat moyen est 9 sur 18
Statistiques - réponses
Dessin animé Nom % Correct
------ duck Donald
95%
Le roi lion Zazu
93%
La bande à -------- Picsou
91%
Aladdin Iago
83%
La petite sirene Eureka
66%
Vaiana Heihei
59%
Merlin l'enchanteur Archimede
57%
Winnie l'ourson Maître hibou
56%
Pocahontas Flit
47%
Là haut Kevin
47%
Les aristochats (oie) Amelia
38%
Les aristochats (oie) Amelie
36%
Rox et Rouky (hibou) Big mama
28%
Robin des bois (poule) Gertrude
26%
Robin des bois (vautour) Niquedouille
12%
Robin des bois (coq) Adam de la Halle
10%
Mulan (faucon) Hayabusa
4%
Bernard & Bianca au pays des kangourous Marahute
2%
Aucun quiz correspondant
Distribution des résultats
% des personnes avec chaque résultat
Percentile par nombre de réponses
Votre historique - résultats
Vous n’avez pas pris ce quiz